00436nam a2200145 a 450000100100000000500170001000800410002702000150006804000250008310000180010824500330012626000490015930000520020850400300026000002700020200930030535.0110328s2006 dr a 000 0 spa d a9993489123 aDO-SdBNPbspacBNPHU1 aMoya, Rita de10aChin mamá /cRita de Moya. aSanto Domingo :bEditora Intergrafic,c2006. a85 p, 17 h. de láms. :bil., retrs, ;c17 cm. aBibliografía : p. 83-85